000 04340cam a2200469 a 4500
001 15618658
003 ARRUPE
005 20140111020021.0
008 090210s2009 inua b 001 0 eng
010 _a 2009005961
015 _aGBA974028
_2bnb
016 7 _a015336623
_2Uk
020 _a9780253353375 (cloth : alk. paper)
020 _a0253353378 (cloth : alk. paper)
020 _a9780253220950 (pbk. : alk. paper)
020 _a0253220955 (pbk. : alk. paper)
035 _a(OCoLC)ocn310171795
040 _aDLC
_cDLC
_dYDX
_dBTCTA
_dUKM
_dCDX
_dBWX
_dBOS
_dSTJ
_dDLC
043 _af------
_an-us---
_an-cn---
050 0 0 _aDT16.5
_b.N495 2009
082 0 0 _a305.896
_222
245 0 4 _aThe new African diaspora /
_cedited by Isidore Okpewho and Nkiru Nzegwu.
260 _aBloomington :
_bIndiana University Press,
_cc2009.
300 _aix, 531 p. :
_bill. ;
_c25 cm.
504 _aIncludes bibliographical references and index.
505 0 _aIntroduction : can we "go home again"? / Isidore Okpewho -- Diaspora dialogues : engagements between Africa and its diasporas / Paul Tiyambe Zeleza -- Togo on my mind / Adzele K. Jones -- "I, too, want to be a big man" : the making of a Haitian "boat people" / Georges E. Fouron -- Africa's migration brain drain : factors contributing to the mass emigration of Africa's elite to the West / Amadu Jacky Kaba -- "The West is cold" : experiences of Ghanaian performers in England and the United States / James Burns -- Migration and bereavement : how Ghanaian migrants cope in the United Kingdom / Helen Anin-Boateng -- Acculturation and the health of black immigrants in the United States / Florence M. Margai -- Socio-legal barriers to the full citizenship of recent African immigrants in Canada : some preliminary thoughts / Obiora Chinedu Okafor -- The effects of immigration and refugee policies on Africans in the United States : from the civil rights movement to the war on terrorism / Cassandra R. Veney -- Immigrants and the American system of justice : perspectives of African and Caribbean Blacks / John A. Arthur -- Africans abroad : comparative perspectives on America's postcolonial West Africans / Baffour K. Takyi -- Questions of identity among African immigrants in America / Msia Kibona Clark -- Resisting "race" : organizing African transnational identities in the United States / Jill M. Humphries -- Immigration and African diaspora women artists / Mkiru Nzegwu -- Emerging communities : the religious life of new African immigrants in the United States / Jacob K. Olupona and Regina Gemignani -- The Orisha rescue mission / Donald Cosentino -- Redefining "Africa" in the diaspora with new media technologies : the making of AfricaResource.com / Azuka Nzegwu -- African video, film cinema, and cultural repackaging in the diaspora / Folu F. Ogundimu -- Excess luggage : Nigerian films and the world of immigrants / Akin Adesokan -- From the new diaspora and the continent : African American return figurations / Joseph McLaren -- Self, place, and identity in two generations of West African immigrant women memoirs : Emecheta's Head above water and Danquah's Willow weep for me / F. Odun Balogun -- Language, memory, and the transnational : art of Wosene Worke Kosrof / Andrea E. Frohne -- Out beyond our borders : literary travelers of the TransDiaspora / Sandra Jackson-Opoku -- The Guyana diaspora and homeland conflict resolution / Perry Mars -- The ontological imperative for the new African diaspora / Adeolu Ademoyo.
650 0 _aAfricans
_xMigrations.
_94668
650 0 _aBlacks
_xMigrations.
_94669
650 0 _aAfrican diaspora.
_94670
650 0 _aAfricans
_zUnited States
_xSocial conditions.
_94671
650 0 _aImmigrants
_zUnited States
_xSocial conditions.
_94672
650 0 _aAfricans
_zCanada
_xSocial conditions.
_94673
650 0 _aImmigrants
_zCanada
_xSocial conditions.
_94674
651 0 _aAfrica
_xEmigration and immigration.
_94675
651 0 _aUnited States
_xEmigration and immigration.
_94676
651 0 _aCanada
_xEmigration and immigration.
_94677
700 1 _aOkpewho, Isidore.
_94678
700 1 _aNzegwu, Nkiru.
_94679
906 _a7
_bcbc
_corignew
_d1
_eecip
_f20
_gy-gencatlg
942 _2lcc
_cMONOGRAPH
_01
999 _c118931
_d118931